000 00796nam a2200229Ia 4500
001 21625
003 GE_BSU
008 181216s||||||||xx |||||||||||||| ||und||
040 _cGE_BSU
080 _aპერიოდიკა
245 _aНефтегазовые технологии и аналитика. № 8 Август 2017
245 _bНаучно-технический и аналитический журнал. CD
245 _cГл. ред. Кутасова Н.В.
260 _aМосква
260 _c2017
300 _a88 стр. 30см. илл.
300 _e+1CD
653 _aНефтегазовые технологии и аналитика. № 8 Август 2017
653 _aПериодика
653 _aპერიოდიკა
942 _cCR
999 _c54560
_d54560